Kral parkı (Record no. 8455)

000 -LEADER
fixed length control field 00880nmm a2200277 a 4500
001 - CONTROL NUMBER
control field ocm000651459
003 - CONTROL NUMBER IDENTIFIER
control field TR-IsHL
005 - DATE AND TIME OF LATEST TRANSACTION
control field 20201028142626.0
008 - FIXED-LENGTH DATA ELEMENTS--GENERAL INFORMATION
fixed length control field 140104s2010 tu tur
007 - PHYSICAL DESCRIPTION FIXED FIELD--GENERAL INFORMATION
fixed length control field cr cn
020 ## - INTERNATIONAL STANDARD BOOK NUMBER
International Standard Book Number 9789944159920
035 ## - SYSTEM CONTROL NUMBER
System control number 651459
-- (N$T)
050 04 - LIBRARY OF CONGRESS CALL NUMBER
Classification number PH355.H3744
Item number K7 2010
090 04 - LOCALLY ASSIGNED LC-TYPE CALL NUMBER (OCLC); LOCAL CALL NUMBER (RLIN)
Classification number (OCLC) (R) ; Classification number, CALL (RLIN) (NR) PH355.H3744
Local cutter number (OCLC) ; Book number/undivided call number, CALL (RLIN) K7 2010
100 1# - MAIN ENTRY--PERSONAL NAME
Personal name Hassinen, Pirjo
245 10 - TITLE STATEMENT
Title Kral parkı
Medium [electronic resource] /
Statement of responsibility, etc. Pirjo Hassinen ; çev. Tulan Yanardağ
260 ## - PUBLICATION, DISTRIBUTION, ETC.
Place of publication, distribution, etc. İstanbul :
Name of publisher, distributor, etc. Anemon Yayınları,
Date of publication, distribution, etc. 2010
300 ## - PHYSICAL DESCRIPTION
Extent 400 p.
650 #4 - SUBJECT ADDED ENTRY--TOPICAL TERM
Topical term or geographic name entry element Dil ve Edebiyat
650 #4 - SUBJECT ADDED ENTRY--TOPICAL TERM
Topical term or geographic name entry element Language and Literature
650 #0 - SUBJECT ADDED ENTRY--TOPICAL TERM
Topical term or geographic name entry element Fin romanı
650 #0 - SUBJECT ADDED ENTRY--TOPICAL TERM
Topical term or geographic name entry element Fun fiction
650 #7 - SUBJECT ADDED ENTRY--TOPICAL TERM
Topical term or geographic name entry element LITERARY COLLECTIONS / European / Scandinavian
Source of heading or term bisacsh
700 1# - ADDED ENTRY--PERSONAL NAME
Personal name Yanardağ, Tulan
856 40 - ELECTRONIC LOCATION AND ACCESS
Uniform Resource Identifier <a href="http://search.ebscohost.com/login.aspx?direct=true&scope=site&db=e011xww&AN=651459">http://search.ebscohost.com/login.aspx?direct=true&scope=site&db=e011xww&AN=651459</a>
Holdings
Withdrawn status Lost status Source of classification or shelving scheme Damaged status Not for loan Collection code Permanent Location Current Location Date acquired Total Checkouts Full call number Barcode Date last seen Price effective from Koha item type
        Online   Kıbrıs Amerikan Üniversitesi Kütüphanesi / American University of Cyprus Kıbrıs Amerikan Üniversitesi Kütüphanesi / American University of Cyprus 28.10.2020   PH355.H3744 K7 2010 651459 28.10.2020 28.10.2020 E-Kitap
Devinim Yazılım Eğitim Danışmanlık tarafından Koha'nın orjinal sürümü uyarlanarak geliştirilip kurulmuştur.